Sorpčné charakteristiky vybraných tepelnoizolačných materiálov

Salvato in:
Dettagli Bibliografici
Autore principale: Haberová, Paulína (Autore)
Altri autori: Struhárová, Alena (Relatore della tesi)
Natura: Manoscritto Libro
Lingua:slovacco
Pubblicazione: 2019
Soggetti:
Accesso online:http://is.stuba.sk/zp/portal_zp.pl?podrobnosti=153810
https://opac.crzp.sk/?fn=detailBiblioForm&sid=9F8942B94996237AAAFD19F666DC
Tags: Aggiungi Tag
Nessun Tag, puoi essere il primo ad aggiungerne!!

MARC

LEADER 00000ntm a22000003a 4500
001 stuzp73358
003 SK-STU
005 20230531091113.7
007 ta
008 150427s2015----xo-----f-mn---000-0-slo-d
040 |a STU  |b slo 
041 0 |a slo 
100 1 |a Haberová, Paulína  |u 010260  |k Z4  |4 aut  |U SvF Stavebná fakulta  |T SvF Katedra materiálového inžinierstva  |X 75537  |U V260  |Y 27  |7 75537 
242 0 1 |a Sorption characteristics of selected thermal insulation materials  |y eng 
245 1 0 |a Sorpčné charakteristiky vybraných tepelnoizolačných materiálov 
260 |c 2019 
650 4 |a rovnovážna vlhkosť  |2 slo 
650 4 |a Tepelnoizolačný materiál  |2 slo 
650 4 |a sorpcia  |2 slo 
650 4 |a desorpcia  |2 slo 
650 4 |a súčiniteľ tepelnej vodivosti  |2 slo 
650 4 |a thermal insulation materials  |2 eng 
650 4 |a equilibrium humidity  |2 eng 
650 4 |a sorption  |2 eng 
650 4 |a desorption  |2 eng 
650 4 |a thermal conductivity coefficient  |2 eng 
700 1 |a Struhárová, Alena  |u 010260  |k Z1  |4 ths  |U SvF Stavebná fakulta  |T SvF Katedra materiálového inžinierstva  |X 916  |U V260  |Y 27  |7 A000000916 
856 4 |u http://is.stuba.sk/zp/portal_zp.pl?podrobnosti=153810 
856 4 |u https://opac.crzp.sk/?fn=detailBiblioForm&sid=9F8942B94996237AAAFD19F666DC